000 01858nam a22003017a 4500
003 OSt
005 20240712142330.0
008 240423t19811981sp er 000 fdspa d
020 _a8402081576
037 _aDonación
040 _aCO-JMCR
_bspa
_cCO-JMCR
_dCO-JMCR
_erda
041 0 _aspa
082 0 4 _aA-N
_bMCCr
100 1 _aMcCullers , Carson,
_d1917 - 1967
_eautor
_943655
245 1 0 _aReflejos en un ojo dorado /
_cCarson McCullers ; traduccion de Jaime Silva
246 1 _aReflections in a golden eye
250 _aPrimera edición
260 _aEspaña :
_bBruguera ,
_c1981
_c©1981
300 _a216 páginas ;
_c18 cm.
490 _aColección de literatura universal Bruguera ;
_v85
500 _aIncluye datos biográficos del autor
520 3 _aEn el ambiente enclaustrado de una base militar, un islote aparte en el mundo, un precipitado de tensiones internas entre distintos personajes que habitan ese entorno asfixiante desemboca en una muerte violenta. [Carson McCullers escandalizó a la opinión pública americana con Reflejos en un ojo dorado, abordando, en esta su segunda novela, temas como la homosexualidad, la infidelidad o la desolación en el contexto de una intachable institución del ejército americano durante la década de los treinta. La prosa rabiosamente lúcida que recorre la novela convierte esta obra brutal en mucho más que la historia de un crimen: es un microcosmos, el espejo de los fantasmas interiores que pueblan la mente de los personajes de Carson McCullers, y una de las más acabadas muestras del arte de esta escritora excepcional.]
650 1 4 _2JMCR
_aLiteratura Estadounidense
_ySiglo XX
_913472
650 2 4 _2JMCR
_aNovela estadounidense
_ySiglo XX
_96991
650 3 4 _2JMCR
_aHomosexualidad en la literatura
_943657
700 1 _aSilva , Jaime,
_etraductor
_943658
942 _2ddc
_cBK
999 _c30746
_d17130